000 00536nam a2200133 4500
999 _c946
_d946
008 151201b xxu||||| |||| 00| 0 eng d
020 _a9780078454820
082 _2c2007
_bG558
_aDK12 820
245 _aGlencoe literature:
_bthe reader's choice : British literature/
_cJeffrey D. Wilhelm, Douglas Fisher, Beverly Ann Chin, and Jacqueline Jones Royster [program consultants]
260 _aNew York:
_bMcGraw-Hill,
_cc2007.
300 _axxxix, 1381 pages:
_bcolor illustrations;
_c28 cm.
650 0 _92576
_aEnglish literature
942 _2ddc
_cBK